000 00232nam a2200097Ia 4500
008 170619s9999 xx 000 0 und d
100 _aJagannathan- V.
245 0 _aBiomedical Instrumentation
260 _bNew delhi; T M H
260 _c2003
546 _aENGLISH
999 _c17432
_d17432